<?xml version="1.0" encoding="UTF-8"?><?xml-stylesheet type="text/xsl" href="static/style.xsl"?><OAI-PMH xmlns="http://www.openarchives.org/OAI/2.0/" xmlns:xsi="http://www.w3.org/2001/XMLSchema-instance" xsi:schemaLocation="http://www.openarchives.org/OAI/2.0/ http://www.openarchives.org/OAI/2.0/OAI-PMH.xsd"><responseDate>2026-04-29T16:48:05Z</responseDate><request verb="GetRecord" identifier="oai:riubu.ubu.es:10259/10418" metadataPrefix="marc">https://riubu.ubu.es/oai/request</request><GetRecord><record><header><identifier>oai:riubu.ubu.es:10259/10418</identifier><datestamp>2025-04-11T08:34:57Z</datestamp><setSpec>com_10259_4665</setSpec><setSpec>com_10259_5086</setSpec><setSpec>com_10259_2604</setSpec><setSpec>col_10259_4666</setSpec></header><metadata><record xmlns="http://www.loc.gov/MARC21/slim" xmlns:doc="http://www.lyncode.com/xoai" xmlns:xsi="http://www.w3.org/2001/XMLSchema-instance" xmlns:dcterms="http://purl.org/dc/terms/" xsi:schemaLocation="http://www.loc.gov/MARC21/slim http://www.loc.gov/standards/marcxml/schema/MARC21slim.xsd">
<leader>00925njm 22002777a 4500</leader>
<datafield tag="042" ind1=" " ind2=" ">
<subfield code="a">dc</subfield>
</datafield>
<datafield tag="720" ind1=" " ind2=" ">
<subfield code="a">Miguel Barrio, Rodrigo</subfield>
<subfield code="e">author</subfield>
</datafield>
<datafield tag="260" ind1=" " ind2=" ">
<subfield code="c">2020</subfield>
</datafield>
<datafield tag="520" ind1=" " ind2=" ">
<subfield code="a">El creciente interés jurídico por la víctima ha conllevado un incremento en las garantías y derechos de la misma en el proceso penal, culminando a través del Estatuto&#xd;
de la víctima del delito. A su vez, la Justicia Restaurativa ha ido ganando adeptos&#xd;
entre los procesalistas, penalistas y criminalistas españoles, existiendo una petición de&#xd;
práctica en el ordenamiento jurídico español. Es por ello que dicho compendio de&#xd;
derechos procesales de la víctima regula en su artículo 15 un discutido servicio de&#xd;
Justicia Restaurativa como derecho de la citada parte procesal. A través del presente&#xd;
artículo se pretende realizar un análisis del significado del articulado, así como de las&#xd;
posibles y necesarias modificaciones en aras de la inclusión de prácticas como los&#xd;
círculos restaurativos en aras de la sanación de la víctima.</subfield>
</datafield>
<datafield tag="520" ind1=" " ind2=" ">
<subfield code="a">The growing legal interest in the victim has led to an increase in the guarantees and&#xd;
rights of the victim in the criminal process, culminating in the Statute of the victim&#xd;
of the crime. In turn, the Restorative Justice has been gaining adherents among Spanish prosecutors, criminals and criminalists, with a request for practice in the Spanish legal&#xd;
system. It is for this reason that said compendium of procedural rights of the victim regulates in its&#xd;
article 15 a disputed Restorative Justice Service as the right of said procedural part. The purpose&#xd;
of this article is to carry out an analysis of the meaning of the articles as well as the possible and&#xd;
necessary modifications in order to include practices such as restorative circles in order to heal&#xd;
the victim.</subfield>
</datafield>
<datafield tag="024" ind2=" " ind1="8">
<subfield code="a">2385-779X</subfield>
</datafield>
<datafield tag="024" ind2=" " ind1="8">
<subfield code="a">http://hdl.handle.net/10259/10418</subfield>
</datafield>
<datafield tag="024" ind2=" " ind1="8">
<subfield code="a">10.12827/RVJV.10.03</subfield>
</datafield>
<datafield ind1=" " ind2=" " tag="653">
<subfield code="a">Justicia restaurativa</subfield>
</datafield>
<datafield ind1=" " ind2=" " tag="653">
<subfield code="a">Víctima</subfield>
</datafield>
<datafield ind1=" " ind2=" " tag="653">
<subfield code="a">Estatuto de la víctima del delito</subfield>
</datafield>
<datafield ind1=" " ind2=" " tag="653">
<subfield code="a">Círculos restaurativos</subfield>
</datafield>
<datafield ind1=" " ind2=" " tag="653">
<subfield code="a">Restorative Justice</subfield>
</datafield>
<datafield ind1=" " ind2=" " tag="653">
<subfield code="a">Victim</subfield>
</datafield>
<datafield ind1=" " ind2=" " tag="653">
<subfield code="a">Standing of victim of crime</subfield>
</datafield>
<datafield ind1=" " ind2=" " tag="653">
<subfield code="a">Restorative circles</subfield>
</datafield>
<datafield tag="245" ind1="0" ind2="0">
<subfield code="a">La Justicia Restaurativa a tenor del artículo 15 del Estatuto de la Víctima y la necesidad de incluir otras prácticas: los círculos restaurativos</subfield>
</datafield>
</record></metadata></record></GetRecord></OAI-PMH>